| 000 | 00804nam a22001937a 4500 | ||
|---|---|---|---|
| 008 | 170816b xxu||||| |||| 00| 0 eng d | ||
| 082 |
_22016 _aUT 0853 _bB32 |
||
| 100 |
_922169 _aBautista, Erica L. |
||
| 245 |
_aSentimental Ice Cream/ _cErica L. Bautista, Diane Kimberly M. Crispino, Sharlen R. Espino, Ronell Christian S. Lee, Aileen Mae P. Maglasang and Cristel J. Sabandal. |
||
| 260 |
_aDigos City: _bUMDC _cOctober 2016. |
||
| 300 |
_a49 pages; _c30 cm. |
||
| 650 | 0 |
_922176 _aBusiness Administration _vMarketing Management _xUndergraduate thesis. |
|
| 700 |
_922171 _aCrispino Diane Kimberly M. |
||
| 700 |
_922172 _aEspino, Sharlen R. |
||
| 700 |
_922173 _aLee, Ronell Christian S. |
||
| 700 |
_922174 _aMaglasang, Aileen Mae P. |
||
| 700 |
_922175 _aSabandal, Cristel J. |
||
| 942 |
_2ddc _cUT |
||
| 999 |
_c7298 _d7298 |
||